<?xml version="1.0" encoding="UTF-8"?>
<record
    xmlns:xsi="http://www.w3.org/2001/XMLSchema-instance"
    xsi:schemaLocation="http://www.loc.gov/MARC21/slim http://www.loc.gov/standards/marcxml/schema/MARC21slim.xsd"
    xmlns="http://www.loc.gov/MARC21/slim">

  <leader>01011cam a22003011a 4500</leader>
  <controlfield tag="001">sa 65009019 </controlfield>
  <controlfield tag="003">DLC</controlfield>
  <controlfield tag="005">20260227112159.0</controlfield>
  <controlfield tag="008">940427s1936    ii            000 0 sano </controlfield>
  <datafield tag="010" ind1=" " ind2=" ">
    <subfield code="a">sa 65009019 </subfield>
  </datafield>
  <datafield tag="035" ind1=" " ind2=" ">
    <subfield code="a">(OCoLC)30337222</subfield>
  </datafield>
  <datafield tag="040" ind1=" " ind2=" ">
    <subfield code="a">DLC</subfield>
    <subfield code="c">WU</subfield>
    <subfield code="d">DLC</subfield>
  </datafield>
  <datafield tag="042" ind1=" " ind2=" ">
    <subfield code="a">premarc</subfield>
  </datafield>
  <datafield tag="043" ind1=" " ind2=" ">
    <subfield code="a">a-ii---</subfield>
  </datafield>
  <datafield tag="050" ind1="0" ind2="0">
    <subfield code="a">DS411.9</subfield>
    <subfield code="b">.S25 1936</subfield>
  </datafield>
  <datafield tag="100" ind1="0" ind2=" ">
    <subfield code="a">Samarapu&#x1E45;gavad&#x12B;k&#x1E63;ita,</subfield>
    <subfield code="d">active 15th century.</subfield>
  </datafield>
  <datafield tag="245" ind1="1" ind2="0">
    <subfield code="a">Samarapu&#x1E45;gavad&#x12B;k&#x1E63;itaviracito Y&#x101;tr&#x101;prabandha&#x1E25; /</subfield>
    <subfield code="c">Mah&#x101;mahop&#x101;dhy&#x101;ya pa&#x1E47;&#x1E0D;ita Shr&#x12B; Durg&#x101;pras&#x101;datanayena pa&#x1E47;&#x1E0D;ita Ked&#x101;ran&#x101;thena sa&#x1E43;&#x15B;odhita.</subfield>
  </datafield>
  <datafield tag="260" ind1=" " ind2=" ">
    <subfield code="a">Mumbayy&#x101;&#x1E43; :</subfield>
    <subfield code="b">Nir&#x1E47;ayas&#x101;gar&#x101;-khyamudra&#x1E47;&#x101;laye,</subfield>
    <subfield code="c">1936.</subfield>
  </datafield>
  <datafield tag="300" ind1=" " ind2=" ">
    <subfield code="a">8, 176 p. ;</subfield>
    <subfield code="c">19 cm.</subfield>
  </datafield>
  <datafield tag="440" ind1=" " ind2="0">
    <subfield code="a">K&#x101;vyam&#x101;l&#x101; ;</subfield>
    <subfield code="v">90</subfield>
  </datafield>
  <datafield tag="500" ind1=" " ind2=" ">
    <subfield code="a">In Sanskrit.</subfield>
  </datafield>
  <datafield tag="500" ind1=" " ind2=" ">
    <subfield code="a">Added t.p.: Y&#x101;tr&#x101; prabandha.</subfield>
  </datafield>
  <datafield tag="650" ind1=" " ind2="0">
    <subfield code="a">Pilgrims and pilgrimages</subfield>
    <subfield code="z">India.</subfield>
  </datafield>
  <datafield tag="650" ind1=" " ind2="0">
    <subfield code="a">Sanskrit language</subfield>
    <subfield code="x">Texts.</subfield>
  </datafield>
  <datafield tag="700" ind1="0" ind2=" ">
    <subfield code="a">Ked&#x101;ran&#x101;tha.</subfield>
  </datafield>
  <datafield tag="740" ind1="0" ind2=" ">
    <subfield code="a">Y&#x101;tr&#x101;prabandha&#x1E25;.</subfield>
  </datafield>
  <datafield tag="740" ind1="0" ind2=" ">
    <subfield code="a">Y&#x101;tr&#x101; prabandha.</subfield>
  </datafield>
  <datafield tag="999" ind1=" " ind2=" ">
    <subfield code="c">65993</subfield>
    <subfield code="d">65993</subfield>
  </datafield>
</record>
